<?xml version="1.0" encoding="UTF-8"?>
<record
    xmlns:xsi="http://www.w3.org/2001/XMLSchema-instance"
    xsi:schemaLocation="http://www.loc.gov/MARC21/slim http://www.loc.gov/standards/marcxml/schema/MARC21slim.xsd"
    xmlns="http://www.loc.gov/MARC21/slim">

  <leader>01095nam0a2200289   4500</leader>
  <controlfield tag="001">RU\NLR\bibl\1775875</controlfield>
  <controlfield tag="005">20250616133204.0</controlfield>
  <datafield tag="010" ind1=" " ind2=" ">
    <subfield code="a">978-5-699-41944-9</subfield>
    <subfield code="9">5000</subfield>
  </datafield>
  <datafield tag="021" ind1=" " ind2=" ">
    <subfield code="a">RU</subfield>
    <subfield code="b">2011-13009</subfield>
    <subfield code="9">235&#x434;/11</subfield>
  </datafield>
  <datafield tag="035" ind1=" " ind2=" ">
    <subfield code="a">(NLR Aleph) 001766641</subfield>
  </datafield>
  <datafield tag="090" ind1=" " ind2=" ">
    <subfield code="a">1611774</subfield>
    <subfield code="c">1611774</subfield>
  </datafield>
  <datafield tag="100" ind1=" " ind2=" ">
    <subfield code="a">20110603d2011    |||y0rusy50      ca</subfield>
  </datafield>
  <datafield tag="101" ind1="0" ind2=" ">
    <subfield code="a">rus</subfield>
  </datafield>
  <datafield tag="102" ind1=" " ind2=" ">
    <subfield code="a">RU</subfield>
  </datafield>
  <datafield tag="105" ind1=" " ind2=" ">
    <subfield code="a">a   |||||||||</subfield>
  </datafield>
  <datafield tag="200" ind1="1" ind2=" ">
    <subfield code="a">&#x412;&#x44B;&#x431;&#x438;&#x440;&#x430;&#x435;&#x43C; &#x446;&#x432;&#x435;&#x442; &#x434;&#x43B;&#x44F; &#x441;&#x430;&#x434;&#x430;</subfield>
    <subfield code="e">[&#x440;&#x430;&#x441;&#x442;&#x435;&#x43D;&#x438;&#x44F; &#x432; &#x440;&#x430;&#x437;&#x43D;&#x43E;&#x439; &#x446;&#x432;&#x435;&#x442;&#x43E;&#x432;&#x43E;&#x439; &#x433;&#x430;&#x43C;&#x43C;&#x435;. &#x426;&#x432;&#x435;&#x442;&#x43E;&#x432;&#x44B;&#x435; &#x43A;&#x43E;&#x43C;&#x431;&#x438;&#x43D;&#x430;&#x446;&#x438;&#x438; &#x43D;&#x430; &#x43B;&#x44E;&#x431;&#x43E;&#x439; &#x432;&#x43A;&#x443;&#x441;. &#x41F;&#x43E;&#x43F;&#x443;&#x43B;&#x44F;&#x440;&#x43D;&#x44B;&#x435; &#x43F;&#x440;&#x438;&#x435;&#x43C;&#x44B; &#x441;&#x43E;&#x447;&#x435;&#x442;&#x430;&#x43D;&#x438;&#x44F; &#x440;&#x430;&#x441;&#x442;&#x435;&#x43D;&#x438;&#x439;]</subfield>
  </datafield>
  <datafield tag="210" ind1=" " ind2=" ">
    <subfield code="a">&#x41C;&#x43E;&#x441;&#x43A;&#x432;&#x430;</subfield>
    <subfield code="c">&#x42D;&#x43A;&#x441;&#x43C;&#x43E;</subfield>
    <subfield code="d">2011</subfield>
  </datafield>
  <datafield tag="215" ind1=" " ind2=" ">
    <subfield code="a">46, [1] &#x441;.</subfield>
    <subfield code="c">&#x446;&#x432;. &#x438;&#x43B;.</subfield>
    <subfield code="d">22</subfield>
  </datafield>
  <datafield tag="225" ind1="1" ind2=" ">
    <subfield code="a">&#x426;&#x432;&#x435;&#x442;&#x44B; &#x432; &#x441;&#x430;&#x434;&#x443; &#x438; &#x43D;&#x430; &#x43E;&#x43A;&#x43D;&#x435;</subfield>
  </datafield>
  <datafield tag="606" ind1="1" ind2=" ">
    <subfield code="a">&#x426;&#x432;&#x435;&#x442;&#x43E;&#x447;&#x43D;&#x44B;&#x435; &#x43A;&#x443;&#x43B;&#x44C;&#x442;&#x443;&#x440;&#x44B;</subfield>
    <subfield code="x">&#x410;&#x441;&#x441;&#x43E;&#x440;&#x442;&#x438;&#x43C;&#x435;&#x43D;&#x442; &#x43F;&#x43E; &#x446;&#x432;&#x435;&#x442;&#x43E;&#x432;&#x43E;&#x439; &#x433;&#x430;&#x43C;&#x43C;&#x435;</subfield>
    <subfield code="9">2618366</subfield>
    <subfield code="3">RU\NLR\auth\661554926</subfield>
  </datafield>
  <datafield tag="686" ind1=" " ind2=" ">
    <subfield code="a">&#x41F;274,1</subfield>
  </datafield>
  <datafield tag="801" ind1=" " ind2="0">
    <subfield code="a">RU</subfield>
    <subfield code="b">NLR</subfield>
    <subfield code="c">20110603</subfield>
    <subfield code="g">RCR</subfield>
  </datafield>
  <datafield tag="801" ind1=" " ind2="1">
    <subfield code="a">RU</subfield>
    <subfield code="b">NLR</subfield>
    <subfield code="c">20110603</subfield>
  </datafield>
  <datafield tag="942" ind1=" " ind2=" ">
    <subfield code="c">BOOK</subfield>
  </datafield>
  <datafield tag="980" ind1=" " ind2=" ">
    <subfield code="a">NB</subfield>
  </datafield>
  <datafield tag="980" ind1=" " ind2=" ">
    <subfield code="a">NBR</subfield>
  </datafield>
  <datafield tag="995" ind1=" " ind2=" ">
    <subfield code="5">2011-06-03</subfield>
    <subfield code="a">ad</subfield>
    <subfield code="b">NLR01</subfield>
    <subfield code="c">NLR01</subfield>
    <subfield code="e">RF8</subfield>
    <subfield code="f">3429047</subfield>
    <subfield code="k">2011-6/688</subfield>
    <subfield code="o">0</subfield>
    <subfield code="r">BOOK</subfield>
    <subfield code="s">20116688_</subfield>
  </datafield>
  <datafield tag="995" ind1=" " ind2=" ">
    <subfield code="5">2011-06-03</subfield>
    <subfield code="a">ad</subfield>
    <subfield code="b">NLR01</subfield>
    <subfield code="c">NLR01</subfield>
    <subfield code="e">RF8</subfield>
    <subfield code="f">3429056</subfield>
    <subfield code="k">2011-6/688</subfield>
    <subfield code="o">0</subfield>
    <subfield code="r">BOOK</subfield>
    <subfield code="s">20116688_</subfield>
  </datafield>
</record>
